000 00460nam a22001217a 4500
999 _c21380
_d21380
008 240906b ||||| |||| 00| 0 eng d
100 _aRecio, Pinky I.
_eauthor.
_960298
245 _aLesson exemplar in science grade three /
_cPinky I. Recio.
260 _aPhilippines;
_bPublishers Association of the Philippines, Inc.,
_cAugust 2019.
300 _aVolume 168, pages 105-107,
_billustration.
700 _aRecio, Pinky I.
_eauthor.
_960298
942 _2ddc
_cPER